| 000 | 00653nam a22002417a 4500 | ||
|---|---|---|---|
| 003 | UA-OsUOA | ||
| 001 | 65544 | ||
| 007 | ta | ||
| 008 | 20091126b un ||||| |||| 00| 0 ukr d | ||
| 090 |
_a82.09(477) _bЛ67 |
||
| 942 | _cBK | ||
| 040 |
_aUA-OsUOA _bukr _cUA-OsUOA _dUA-OsUOA |
||
| 245 |
_aЛітературознавчі обрії _bПраці молодих учених |
||
| 300 | _a255 с. | ||
| 955 | _a2 | ||
| 041 | _aukr | ||
| 080 | _a82.09(477) | ||
| 020 | _a978-966-02-4531-0 | ||
| 260 |
_aК. _c2009 |
||
| 250 | _nВипуск 14 | ||
| 650 | 7 |
_a82 Література. Літературознавство _2UDC |
|
| 999 |
_c351517 _d351517 |
||